|
|
|
|
| LEADER |
00000nam0a2200000 4500 |
| 001 |
274593 |
| 005 |
20231101234737.0 |
| 035 |
|
|
|a (RuTPU)RU\TPU\book\297803
|
| 090 |
|
|
|a 274593
|
| 100 |
|
|
|a 20141106d1985 m y0rusy50 ca
|
| 101 |
0 |
|
|a rus
|
| 102 |
|
|
|a RU
|
| 105 |
|
|
|a a j 001zy
|
| 200 |
1 |
|
|a Принципы организации памяти человека. Системно-деятельностный подход к изучению познавательных процессов
|e учебно-методическое пособие
|f А. Г. Асмолов
|g Московский государственный университет им. М. В. Ломоносова (МГУ)
|
| 210 |
|
|
|a Москва
|c Изд-во Московского ун-та
|d 1985
|
| 215 |
|
|
|a 103 с.
|c ил.
|
| 320 |
|
|
|a Библиогр. в примеч.
|
| 606 |
1 |
|
|a Память
|x Психология
|2 stltpush
|3 (RuTPU)RU\TPU\subj\48049
|
| 610 |
1 |
|
|a деятельность
|
| 610 |
1 |
|
|a психическое отражение
|
| 610 |
1 |
|
|a когнитивная психология
|
| 610 |
1 |
|
|a преобразования
|
| 610 |
1 |
|
|a организация памяти
|
| 610 |
1 |
|
|a запоминание
|
| 610 |
1 |
|
|a учебно-методические пособия
|
| 686 |
|
|
|a Ю935.12я73
|2 rubbk
|
| 700 |
|
1 |
|a Асмолов
|b А. Г.
|c российский психолог
|c член-корреспондент РАО
|f 1949-
|g Александр Григорьевич
|2 stltpush
|3 (RuTPU)RU\TPU\pers\16771
|9 6049
|
| 712 |
0 |
2 |
|a Московский государственный университет им. М. В. Ломоносова (МГУ)
|2 stltpush
|3 (RuTPU)RU\TPU\col\7
|
| 801 |
|
1 |
|a RU
|b 63413507
|c 20141106
|
| 801 |
|
2 |
|a RU
|b 63413507
|c 20180208
|g RCR
|
| 942 |
|
|
|c BK
|